Detalles MARC
| 000 -CABECERA |
| campo de control de longitud fija |
01632nam a2200301 i 4500 |
| 001 - NÚMERO DE CONTROL |
| campo de control |
15773 |
| 003 - IDENTIFICADOR DEL NÚMERO DE CONTROL |
| campo de control |
DO-SdUEMH |
| 005 - FECHA Y HORA DE LA ÚLTIMA TRANSACCIÓN |
| campo de control |
20260210155649.0 |
| 007 - CAMPO FIJO DE DESCRIPCIÓN FÍSICA--INFORMACIÓN GENERAL |
| campo de control de longitud fija |
ta |
| 008 - DATOS DE LONGITUD FIJA--INFORMACIÓN GENERAL |
| campo de control de longitud fija |
211105s2000||||dr a|||gr|||| 0|| | spa d |
| 020 ## - NÚMERO INTERNACIONAL ESTÁNDAR DEL LIBRO |
| Número Internacional Estándar del Libro |
9993490008 |
| 040 ## - FUENTE DE LA CATALOGACIÓN |
| Centro catalogador/agencia de origen |
DO-SdUEMH |
| Lengua de catalogación |
spa |
| Normas de descripción |
rda |
| 041 ## - CÓDIGO DE LENGUA |
| Código de lengua del texto/banda sonora o título independiente |
spa |
| 082 14 - NÚMERO DE LA CLASIFICACIÓN DECIMAL DEWEY |
| Número de clasificación |
RD 362.1097293 R234S |
| Colección |
Colección Dominicana |
| Número de documento/Ítem |
R234 |
| 084 ## - OTRO NÚMERO DE CLASIFICACIÓN |
| Item number |
10-00410 |
| 100 #1 - ENTRADA PRINCIPAL--NOMBRE DE PERSONA |
| Nombre de persona |
Rathe, Magdalena |
| Término indicativo de función/relación |
autora |
| 245 ## - MENCIÓN DE TÍTULO |
| Título |
Salud y Equidad: |
| Resto del título |
una mirada al financiamiento de la salud en la República Dominicana / |
| Mención de responsabilidad, etc. |
Magdalena Rathe |
| 260 ## - PUBLICACIÓN, DISTRIBUCIÓN, ETC. |
| Date of publication, distribution, etc. |
2000 |
| 264 #1 - PRODUCCIÓN, PUBLICACIÓN, DISTRIBUCIÓN, FABRICACIÓN Y COPYRIGHT |
| Lugar de producción, publicación, distribución, fabricación |
Santo Domingo, República Dominicana : |
| Nombre del de productor, editor, distribuidor, fabricante |
Editorial AA, |
| Fecha de producción, publicación, distribución, fabricación o copyright |
2000 |
| 264 #4 - PRODUCCIÓN, PUBLICACIÓN, DISTRIBUCIÓN, FABRICACIÓN Y COPYRIGHT |
| Fecha de producción, publicación, distribución, fabricación o copyright |
©2000 |
| 300 ## - DESCRIPCIÓN FÍSICA |
| Extensión |
166 páginas : |
| Otras características físicas |
ilustraciones ; |
| Dimensiones |
23 cm. |
| 336 ## - TIPO DE CONTENIDO |
| Fuente |
rdacontent |
| Término de tipo de contenido |
texto |
| Código de tipo de contenido |
txt |
| 337 ## - TIPO DE MEDIO |
| Fuente |
rdamedia |
| Nombre del tipo de medio |
sin mediación |
| Código del tipo de medio |
n |
| 338 ## - TIPO DE SOPORTE |
| Fuente |
rdacarrier |
| Nombre del tipo de soporte |
volumen |
| Código del tipo de soporte |
nc |
| 505 #2 - NOTA DE CONTENIDO CON FORMATO |
| Nota de contenido con formato |
Capítulo I: El sector salud en la República Dominicana -- Organización institucional -- Morbilidad -- Utilización de servicios de salud -- Capítulo II: El gasto familiar en salud: un enfoque de equidad -- Gasto promedio por persona -- Cobertura de seguros -- Carga financiera del gasto en salud -- Capítulo III: ¿Es distributivo el financiamiento público a la salud? -- El peso del gasto familiar -- El rol del mercado -- El rol del financiamiento público -- Capítulo IV: Lecciones aprendidas en el estudio del financiamiento a la salud -- El efecto distributivo del gasto público -- El subsidio público en salud: el caso dominicano -- El problema de la productividad -- Cómo mejorar la equidad del sistema -- Cómo mejorar la información básica. |
| 942 ## - ELEMENTOS DE PUNTO DE ACCESO ADICIONAL (KOHA) |
| Fuente del sistema de clasificación o colocación |
Dewey Decimal Classification |
| Tipo de ítem Koha |
Libro |
| Suprimir en OPAC |
No |